000
00274nam a2200121 a 4500
008
101022s1977|||| d
100
1
_a
Lie, Jonas
245
1
0
_a
Lodivod a jeho žena
260
_b
Smena
_a
Bratislava
_c
1977
020
_c
22
041
_a
slo
044
_a
xo
_c
SK
999
_c
12047
_d
12047